<?xml version="1.0" encoding="UTF-8"?>
<record
    xmlns:xsi="http://www.w3.org/2001/XMLSchema-instance"
    xsi:schemaLocation="http://www.loc.gov/MARC21/slim http://www.loc.gov/standards/marcxml/schema/MARC21slim.xsd"
    xmlns="http://www.loc.gov/MARC21/slim">

  <leader>01937    a2200169   4500</leader>
  <controlfield tag="003">OSt</controlfield>
  <controlfield tag="005">20260206135153.0</controlfield>
  <controlfield tag="008">260206b        |||||||| |||| 00| 0 eng d</controlfield>
  <datafield tag="100" ind1=" " ind2=" ">
    <subfield code="a">&#x907;&#x902;&#x926;&#x942;&#x930;&#x915;&#x930; &#x909; </subfield>
    <subfield code="9">216653</subfield>
  </datafield>
  <datafield tag="245" ind1=" " ind2=" ">
    <subfield code="a">&#x92A;&#x94D;&#x930;&#x93E;&#x91A;&#x940;&#x928;  &#x92E;&#x902;&#x926;&#x93F;&#x930;&#x947; , &#x92E;&#x942;&#x930;&#x94D;&#x924;&#x940;  &#x906;&#x923;&#x93F;  &#x92D;&#x93E;&#x935;&#x92A;&#x942;&#x930;&#x94D;&#x923;  &#x936;&#x93F;&#x932;&#x94D;&#x92A;&#x947;</subfield>
  </datafield>
  <datafield tag="250" ind1=" " ind2=" ">
    <subfield code="a">2nd ED.</subfield>
  </datafield>
  <datafield tag="260" ind1=" " ind2=" ">
    <subfield code="b">&#x92D;&#x93E;&#x930;&#x924;&#x940;&#x92F;  &#x935;&#x93F;&#x91A;&#x93E;&#x930;  &#x938;&#x93E;&#x927;&#x928;&#x93E;  &#x92A;&#x94D;&#x930;&#x915;&#x93E;&#x936;&#x928; </subfield>
    <subfield code="c">2019</subfield>
    <subfield code="a">&#x92A;&#x941;&#x923;&#x947;</subfield>
  </datafield>
  <datafield tag="300" ind1=" " ind2=" ">
    <subfield code="a">200pp.</subfield>
  </datafield>
  <datafield tag="500" ind1=" " ind2=" ">
    <subfield code="a">&#x936;&#x93F;&#x932;&#x94D;&#x92A;&#x936;&#x93E;&#x938;&#x94D;&#x924;&#x94D;&#x930;: &#x926;&#x917;&#x921;&#x93E;&#x902;&#x92E;&#x927;&#x940;&#x932; &#x92D;&#x93E;&#x935;&#x92A;&#x942;&#x930;&#x94D;&#x923; &#x936;&#x93F;&#x932;&#x94D;&#x92A;&#x947; &#x906;&#x923;&#x93F; &#x924;&#x94D;&#x92F;&#x93E;&#x92E;&#x93E;&#x917;&#x940;&#x932; &#x936;&#x93F;&#x932;&#x94D;&#x92A;&#x915;&#x93E;&#x930;&#x93E;&#x91A;&#x940; &#x915;&#x932;&#x94D;&#x92A;&#x928;&#x93E; [&#x96A;].
&#x92E;&#x902;&#x926;&#x93F;&#x930;&#x93E;&#x902;&#x91A;&#x947; &#x905;&#x902;&#x924;&#x930;&#x902;&#x917;: &#x92E;&#x902;&#x926;&#x93F;&#x930;&#x93E;&#x902;&#x91A;&#x940; &#x930;&#x91A;&#x928;&#x93E; &#x906;&#x923;&#x93F; &#x924;&#x94D;&#x92F;&#x93E;&#x92E;&#x93E;&#x917;&#x940;&#x932; &#x905;&#x927;&#x94D;&#x92F;&#x93E;&#x924;&#x94D;&#x92E;&#x93F;&#x915; &#x905;&#x930;&#x94D;&#x925; [&#x967;].
&#x92E;&#x942;&#x930;&#x94D;&#x924;&#x940;&#x936;&#x93E;&#x938;&#x94D;&#x924;&#x94D;&#x930;: &#x92E;&#x942;&#x930;&#x94D;&#x924;&#x940;&#x902;&#x91A;&#x947; &#x92A;&#x94D;&#x930;&#x915;&#x93E;&#x930; &#x906;&#x923;&#x93F; &#x924;&#x94D;&#x92F;&#x93E;&#x902;&#x91A;&#x940; &#x935;&#x948;&#x936;&#x93F;&#x937;&#x94D;&#x91F;&#x94D;&#x92F;&#x947;</subfield>
  </datafield>
  <datafield tag="520" ind1=" " ind2=" ">
    <subfield code="a">"&#x92A;&#x94D;&#x930;&#x93E;&#x91A;&#x940;&#x928; &#x92E;&#x902;&#x926;&#x93F;&#x930;&#x947;, &#x92E;&#x942;&#x930;&#x94D;&#x924;&#x940; &#x906;&#x923;&#x93F; &#x92D;&#x93E;&#x935;&#x92A;&#x942;&#x930;&#x94D;&#x923; &#x936;&#x93F;&#x932;&#x94D;&#x92A;&#x947;" &#x939;&#x947; &#x92A;&#x941;&#x938;&#x94D;&#x924;&#x915; &#x92D;&#x93E;&#x930;&#x924;&#x940;&#x92F; &#x92E;&#x902;&#x926;&#x93F;&#x930; &#x938;&#x94D;&#x925;&#x93E;&#x92A;&#x924;&#x94D;&#x92F;, &#x936;&#x93F;&#x932;&#x94D;&#x92A;&#x915;&#x932;&#x93E; &#x906;&#x923;&#x93F; &#x92E;&#x942;&#x930;&#x94D;&#x924;&#x940;&#x936;&#x93E;&#x938;&#x94D;&#x924;&#x94D;&#x930;&#x93E;&#x91A;&#x93E; &#x938;&#x916;&#x94B;&#x932; &#x905;&#x92D;&#x94D;&#x92F;&#x93E;&#x938; &#x92E;&#x93E;&#x902;&#x921;&#x924;&#x947; [&#x967;, &#x969;]. &#x939;&#x947; &#x92A;&#x941;&#x938;&#x94D;&#x924;&#x915; &#x926;&#x917;&#x921;&#x93E;&#x902;&#x928;&#x93E; &#x91C;&#x93F;&#x935;&#x902;&#x924; &#x915;&#x930;&#x923;&#x93E;&#x931;&#x94D;&#x92F;&#x93E; &#x936;&#x93F;&#x932;&#x94D;&#x92A;&#x915;&#x93E;&#x930;&#x93E;&#x902;&#x91A;&#x940; &#x915;&#x932;&#x93E; &#x906;&#x923;&#x93F; &#x92E;&#x902;&#x926;&#x93F;&#x930;&#x93E;&#x902;&#x91A;&#x94D;&#x92F;&#x93E; &#x905;&#x902;&#x924;&#x930;&#x902;&#x917;&#x93E;&#x924;&#x940;&#x932; &#x92D;&#x93E;&#x935;&#x92A;&#x942;&#x930;&#x94D;&#x923; &#x938;&#x902;&#x935;&#x93E;&#x926;&#x93E;&#x91A;&#x947; &#x926;&#x930;&#x94D;&#x936;&#x928; &#x918;&#x921;&#x935;&#x924;&#x947; [&#x96A;]. &#x939;&#x947; &#x92D;&#x93E;&#x930;&#x924;&#x940;&#x92F; &#x938;&#x902;&#x938;&#x94D;&#x915;&#x943;&#x924;&#x940;&#x91A;&#x93E; &#x938;&#x941;&#x902;&#x926;&#x930; &#x906;&#x923;&#x93F; &#x91A;&#x93F;&#x930;&#x938;&#x94D;&#x925;&#x93E;&#x92F;&#x940; &#x935;&#x93E;&#x930;&#x938;&#x93E; &#x938;&#x92E;&#x91C;&#x942;&#x928; &#x918;&#x947;&#x923;&#x94D;&#x92F;&#x93E;&#x938; &#x92E;&#x926;&#x924; &#x915;&#x930;&#x924;&#x947; </subfield>
  </datafield>
  <datafield tag="942" ind1=" " ind2=" ">
    <subfield code="c">BK</subfield>
    <subfield code="2">ddc</subfield>
  </datafield>
  <datafield tag="999" ind1=" " ind2=" ">
    <subfield code="c">370065</subfield>
    <subfield code="d">370065</subfield>
  </datafield>
  <datafield tag="952" ind1=" " ind2=" ">
    <subfield code="0">0</subfield>
    <subfield code="1">0</subfield>
    <subfield code="2">ddc</subfield>
    <subfield code="4">0</subfield>
    <subfield code="7">0</subfield>
    <subfield code="8">MCA</subfield>
    <subfield code="a">001</subfield>
    <subfield code="b">001</subfield>
    <subfield code="d">2026-01-31</subfield>
    <subfield code="e">188</subfield>
    <subfield code="g">273.00</subfield>
    <subfield code="l">2</subfield>
    <subfield code="p">KBJP-BK-2937</subfield>
    <subfield code="r">2026-02-25 12:48:31</subfield>
    <subfield code="s">2026-02-20</subfield>
    <subfield code="v">390.00</subfield>
    <subfield code="w">2026-01-31</subfield>
    <subfield code="y">BK</subfield>
    <subfield code="z">2937</subfield>
  </datafield>
</record>
